[Event "Nicolo La Rosa op 16th"]
[Site "Mazara del Vallo"]
[Date "2008.08.12"]
[Round "3"]
[White "Internicola, Vincenzo"]
[Black "Marino, Davide"]
[Result "0-1"]
[WhiteElo "1554"]
[BlackElo "1571"]
[PlyCount "64"]
[EventDate "2008.08.11"]
[EventType "swiss"]
[EventRounds "6"]
[EventCountry "ITA"]
[SourceTitle "EXT 2011"]
[Source "ChessBase"]
[SourceDate "2010.11.26"]
[SourceVersion "1"]
[SourceVersionDate "2010.11.26"]
[SourceQuality "1"]

1. e4 c5 2. b3 e6 3. Ba3 d5 4. Nc3 Nc6 5. exd5 exd5 6. Bb5 Nf6 7. Qe2+ Be6 8. Nf3 a6 9. Bxc6+ bxc6 10. Ng5 Qd7 11. 0-0 h6 12. Nxe6 Qxe6 13. Rfe1 Qxe2 14. Rxe2+ Kd7 15. Na4 Kc7 16. Bxc5 Bxc5 17. Nxc5 Rhe8 18. Rae1 Kd6 19. b4 a5 20. a3 axb4 21. axb4 Rxe2 22. Rd1 Rxd2 23. Rb1 Rxc2 24. f3 Rb8 25. Nd3 Rc3 26. Nc1 Nd7 27. Na2 Ra3 28. Nc1 Rba8 29. Nb3 R3a4 30. Na5 Rb8 31. Rc1 c5 32. Nb3 Rbxb4 0-1

[Event "Nicolo La Rosa op 16th"]
[Site "Mazara del Vallo"]
[Date "2008.08.11"]
[Round "1"]
[White "Internicola, Vincenzo"]
[Black "Ferrante, Marco"]
[Result "0-1"]
[WhiteElo "1554"]
[BlackElo "2142"]
[PlyCount "104"]
[EventDate "2008.08.11"]
[EventType "swiss"]
[EventRounds "6"]
[EventCountry "ITA"]
[SourceTitle "EXT 2011"]
[Source "ChessBase"]
[SourceDate "2010.11.26"]
[SourceVersion "1"]
[SourceVersionDate "2010.11.26"]
[SourceQuality "1"]

1. e4 e6 2. d4 d5 3. e5 c5 4. c3 Nc6 5. Nf3 f6 6. Bb5 Bd7 7. b3 cxd4 8. Bxc6 bxc6 9. cxd4 c5 10. Ba3 Qa5+ 11. Qd2 Qxd2+ 12. Nbxd2 cxd4 13. Bxf8 Kxf8 14. Nxd4 fxe5 15. N4f3 e4 16. Nd4 e5 17. Ne2 Nf6 18. 0-0 Bb5 19. Rfe1 Rc8 20. Rac1 Ke7 21. Ng3 g6 22. a4 Bd3 23. h3 Kd7 24. b4 Rb8 25. b5 Rhc8 26. Nb3 Bc2 27. Na5 Bxa4 28. Nc6 Ra8 29. Nxe5+ Kd6 30. Ng4 Nxg4 31. hxg4 Rxc1 32. Rxc1 Bxb5 33. Rd1 Ke5 34. Rb1 Bd3 35. Rb7 a5 36. Nf1 Bxf1 37. Kxf1 a4 38. Ke2 a3 39. Rb1 a2 40. Ra1 Ra3 41. Kd2 Kf4 42. g5 Kxg5 43. Kc2 e3 44. Kb2 Rd3 45. fxe3 Rxe3 46. Kxa2 h5 47. Rd1 h4 48. Rxd5+ Kg4 49. Kb1 Re2 50. Rd4+ Kg3 51. Rd6 g5 52. Rd5 g4 0-1

[Event "Nicolo La Rosa op 14th"]
[Site "Mazara del Vallo"]
[Date "2006.08.13"]
[Round "5"]
[White "Internicola, Dario"]
[Black "Internicola, Vincenzo"]
[Result "1-0"]
[WhiteElo "1544"]
[BlackElo "1554"]
[PlyCount "53"]
[EventDate "2006.08.11"]
[EventType "swiss"]
[EventRounds "6"]
[EventCountry "ITA"]
[SourceTitle "EXT 2011"]
[Source "ChessBase"]
[SourceDate "2010.11.26"]
[SourceVersion "1"]
[SourceVersionDate "2010.11.26"]
[SourceQuality "1"]

1. e4 e5 2. Nf3 Nc6 3. Bc4 Bc5 4. c3 Nf6 5. d4 exd4 6. cxd4 Bb4+ 7. Nc3 Nxe4 8. 0-0 Bxc3 9. bxc3 0-0 10. Re1 d5 11. Bd3 f5 12. Qb3 a6 13. Bxe4 fxe4 14. Ng5 Na5 15. Qb4 Nc4 16. Nxe4 Re8 17. Bg5 Qd7 18. Nd2 a5 19. Rxe8+ Qxe8 20. Qc5 Qf7 21. Nxc4 dxc4 22. Re1 b6 23. Qc6 Bb7 24. Qxb7 Rf8 25. f3 h6 26. Be7 Re8 27. Qxc7 1-0